| 000 | 01316ngm a22003970a 4500 | ||
|---|---|---|---|
| 001 | PT22765 | ||
| 003 | AR-LpoUNG | ||
| 005 | 20210202000329.0 | ||
| 007 | vd cvaizq | ||
| 008 | 191001s2003||||ag |||||||||||||||||spa d | ||
| 037 | _c$11.66 | ||
| 037 | _c$13,3 | ||
| 040 |
_aAR-LpoUNG _bspa _cAR-LpoUNG _eaacr |
||
| 041 | _aspa | ||
| 044 | _aag | ||
| 082 | 0 | _a302.5 714his | |
| 100 | 1 |
_aSorin, Carlos _edir. |
|
| 245 | 1 | 0 | _aHistorias mínimas |
| 260 |
_aBuenos Aires : _bTranseuropa Video Entertainment, _c2003. |
||
| 300 | _aVHS (94 min.) : son., col. | ||
| 505 | 0 | _aHecha en 2002. - Elenco: Javiera Bravo, Antonio Benedictis, Javier Lombardo. - Música Nicolás Sorín ; fotografía: Hugo Colage. | |
| 520 | _aTres personajes viajan por las solitarias rutas de la Patagonia, cada uno con propósitos y destinos diferentes, asi se van tejiendo cada una de estos fragmentos de vida que se entrecrusan en los escazos paradores del camino. | ||
| 650 | 4 | _aARGENTINA | |
| 650 | 4 | _aDRAMA | |
| 650 | 4 | _aINDIVIDUOS | |
| 650 | 4 | _aRELACIONES HUMANAS | |
| 650 | 4 | _aSOCIEDAD | |
| 651 | 4 | _aArgentina | |
| 653 | _aCINE ARGENTINO | ||
| 653 | _aVHS | ||
| 653 | _aVIDEOS | ||
| 710 | 2 | _aGuacamole Films (firma comercial) | |
| 710 | 2 | _aWanda Vision (firma comercial) | |
| 905 | _a22765 | ||
| 942 | _cVIDEO | ||
| 999 |
_c54625 _d54625 |
||